Form three mathematics / (Record no. 839)

000 -LEADER
fixed length control field 00598nam a22001937a 4500
003 - CONTROL NUMBER IDENTIFIER
control field OSt
005 - DATE AND TIME OF LATEST TRANSACTION
control field 20140116120839.0
008 - FIXED-LENGTH DATA ELEMENTS--GENERAL INFORMATION
fixed length control field 111214t xxu||||| |||| 00| 0 eng d
050 ## - LIBRARY OF CONGRESS CALL NUMBER
Classification number TP: QA11.S56 1987
100 ## - MAIN ENTRY--PERSONAL NAME
Personal name Singh, Malkiat.
245 ## - TITLE STATEMENT
Title Form three mathematics /
Statement of responsibility, etc Malkiat Singh and Simi Dhillon
260 ## - PUBLICATION, DISTRIBUTION, ETC. (IMPRINT)
Place of publication, distribution, etc Nairobi :
Name of publisher, distributor, etc Dhillion Publishers Limited ,
Date of publication, distribution, etc 1987 .
300 ## - PHYSICAL DESCRIPTION
Extent vi, 542 p.
440 ## - SERIES STATEMENT/ADDED ENTRY--TITLE
Title Mathematics
500 ## - GENERAL NOTE
General note On cover title: Form 3 mathematics with answers.
650 ## - SUBJECT ADDED ENTRY--TOPICAL TERM
Topical term or geographic name as entry element Mathematics -- Study and teaching (Secondary)
700 ## - ADDED ENTRY--PERSONAL NAME
Personal name Dhillon, Simi.
942 ## - ADDED ENTRY ELEMENTS (KOHA)
Source of classification or shelving scheme
Koha item type Book
Holdings
Withdrawn status Lost status Source of classification or shelving scheme Damaged status Not for loan Home library Current library Date acquired Total Checkouts Full call number Barcode Date last seen Date checked out Copy number Price effective from Koha item type
          Riara University Library Riara University Library 14/12/2011 1 TP: QA11.S56 1987 V.3 3152/11 01/02/2013 28/01/2013 C.1 14/12/2011 Book
          Riara University Library Riara University Library 14/12/2011   TP: QA11.S56 1987 V.3 3153/11 14/12/2011   C.2 14/12/2011 Book
          Riara University Library Riara University Library 14/12/2011 1 TP: QA11.S56 1987 V.3 3154/11 14/05/2013 14/05/2013 C.3 14/12/2011 Book

Riara University Library,
P.O. Box 49940-00100,
Nairobi, Kenya.